000 004580000a22001570004500
003 LK-CoMWRAF
008 230817t ||||| |||| 00| 0 eng d
040 _aLK-CoMWRAF
_dLK-CoMWRAF
_eLK-CoMWRAF
041 _aeng
082 _a410
_bGOO
100 _aGoodman, Mary Ellen
245 _aA Primer for Parents
_bEducation our Children for good Human Relations
260 _bAnty-Defamation League of B'nai B'rith
_aNew York
_c1959
300 _ap.31
942 _cBK
999 _c1790
_d1790